Artesanado y comercio durante el Alto Imperio
Bewaard in:
| Hoofdauteur: | |
|---|---|
| Formaat: | Boek |
| Taal: | Spaans |
| Gepubliceerd in: |
Madrid
Akal
1990
|
| Reeks: | Akal. Historia del Mundo Antiguo. Roma, 55
|
| Onderwerpen: | |
| Tags: |
Voeg label toe
Geen labels, Wees de eerste die dit record labelt!
|
MARC
| LEADER | 00000nam a2200000 a 4500 | ||
|---|---|---|---|
| 001 | UCX6388 | ||
| 003 | CL-VaPUC | ||
| 008 | 930601e19900000SP |||||||||||||||||spa|d | ||
| 082 | 0 | 4 | |a 937.06 |b BLA |2 21 |
| 100 | |a Blázquez Martínez, José María |e author |9 558283 | ||
| 245 | 1 | 0 | |a Artesanado y comercio durante el Alto Imperio |
| 300 | |a 79 p | ||
| 942 | |c BK | ||
| 945 | |d 19930601 00:00:00 | ||
| 260 | |a Madrid |b Akal |c 1990 | ||
| 650 | 0 | |a Condiciones económicas |9 258255 | |
| 650 | 7 | |a FUENTES |2 CL-VaPUC |9 255666 | |
| 650 | 0 | |a Historia |9 255047 | |
| 651 | 0 | |a Roma |9 255106 | |
| 583 | |a last modification |c 19930601 00:00:00 |k Rodrigo Vera | ||
| 490 | 0 | |a Akal. Historia del Mundo Antiguo. Roma, 55 | |
| 999 | |c 226413 |d 226411 | ||
| 952 | |0 0 |1 0 |4 0 |6 937_060000000000000_BLA_1990 |7 0 |8 A |9 224742 |a BIBHIS |b BIBHIS |d 2019-11-15 |i 2934930 |o 937.06 BLA 1990 |p 2934930 |r 2025-01-20 |w 2019-11-15 |y BK |k HIS | ||